Od financií k finančnému právu

Uspokojovanie základných ľudských potrieb v kontexte so vznikom peňažného hospodárstva. Spoločné a rozdielne črty a pojmové znaky peňazí a financií. Financie verejné a súkromné a ich základné funkcie. Vzťah meny peňazí a financií. Finančné vzťahy, ich druhy a náležitosti. Realizácia finančných vzťah...

Descrizione completa

Salvato in:
Dettagli Bibliografici
Autore principale: Grúň, Ľubomír
Natura: Capitolo di libro
Lingua:slovacco
Soggetti:
Tags: Aggiungi Tag
Nessun Tag, puoi essere il primo ad aggiungerne!!

MARC

LEADER 00000naa$a2200000$$$4500
001 0016938
005 20231102091405.4
041 0 |a slo 
044 |a SK 
245 1 0 |a Od financií k finančnému právu  |c aut. Ľubomír Grúň 
520 |a Uspokojovanie základných ľudských potrieb v kontexte so vznikom peňažného hospodárstva. Spoločné a rozdielne črty a pojmové znaky peňazí a financií. Financie verejné a súkromné a ich základné funkcie. Vzťah meny peňazí a financií. Finančné vzťahy, ich druhy a náležitosti. Realizácia finančných vzťahov. Finančné právo a jeho postavenie v právnom poriadku. Pramene a systém finančného práva. Finančnoprávne inštitúty ako výraz ekonomizácie finančného práva. 
610 2 0 |a právo finančné 
610 2 0 |a pojmy 
610 2 0 |a mena 
610 2 0 |a poriadok právny 
610 2 0 |a peniaze 
610 2 0 |a financie 
610 2 0 |a história 
100 1 |a Grúň, Ľubomír